Формирование здорового образа жизни студентов ТПУ средствами футбола; Физическая культура и спорт на современном этапе: проблемы, поиски, решения

Bibliographic Details
Parent link:Физическая культура и спорт на современном этапе: проблемы, поиски, решения.— 2015.— [С. 74-77]
Main Author: Минин Д. М.
Corporate Author: Национальный исследовательский Томский политехнический университет (ТПУ) Институт социально-гуманитарных технологий (ИСГТ) Кафедра спортивных дисциплин (СД)
Other Authors: Смышляев А. В. Алексей Викторович
Summary:Заглавие с титульного экрана
Language:Russian
Published: 2015
Series:Физическое воспитание и спортивная тренировка студенческой молодежи
Subjects:
Online Access:http://earchive.tpu.ru/handle/11683/17998
Format: Electronic Book Chapter
KOHA link:https://koha.lib.tpu.ru/cgi-bin/koha/opac-detail.pl?biblionumber=617165

MARC

LEADER 00000naa2a2200000 4500
001 617165
005 20231101132939.0
035 |a (RuTPU)RU\TPU\conf\15469 
035 |a RU\TPU\conf\15467 
090 |a 617165 
100 |a 20160216d2015 k y0rusy50 ca 
101 0 |a rus  |e rus 
102 |a RU 
105 |a y z 101zy 
135 |a drgn ---uucaa 
181 0 |a i  
182 0 |a b 
200 1 |a Формирование здорового образа жизни студентов ТПУ средствами футбола  |f Д. М. Минин, А. В. Смышляев 
203 |a Текст  |c электронный 
225 1 |a Физическое воспитание и спортивная тренировка студенческой молодежи 
230 |a 1 компьютерный файл (pdf; 266 Кб) 
300 |a Заглавие с титульного экрана 
320 |a [Библиогр.: с. 77 (14 назв.)] 
337 |a Adobe Reader 
463 0 |0 (RuTPU)RU\TPU\conf\15337  |t Физическая культура и спорт на современном этапе: проблемы, поиски, решения  |o материалы Всероссийской научно-практической конференции, Томск, 18 декабря 2015 г.  |f Национальный исследовательский Томский политехнический университет (ТПУ), Институт социально-гуманитарных технологий (ИСГТ), Кафедра спортивных дисциплин (СД)  |v [С. 74-77]  |d 2015 
610 1 |a труды учёных ТПУ 
610 1 |a электронный ресурс 
610 1 |a здоровый образ жизни 
610 1 |a студенты 
610 1 |a футбол 
700 1 |a Минин  |b Д. М. 
701 1 |a Смышляев  |b А. В.  |c специалист в области физической культуры и спорта  |c доцент Томского политехнического университета, кандидат биологических наук  |f 1964-  |g Алексей Викторович  |2 stltpush  |3 (RuTPU)RU\TPU\pers\24825 
712 0 2 |a Национальный исследовательский Томский политехнический университет (ТПУ)  |b Институт социально-гуманитарных технологий (ИСГТ)  |b Кафедра спортивных дисциплин (СД)  |h 2608  |2 stltpush  |3 (RuTPU)RU\TPU\col\18985 
801 2 |a RU  |b 63413507  |c 20160510  |g RCR 
856 4 |u http://earchive.tpu.ru/handle/11683/17998 
942 |c BK